Agricultural and irrigation patterns in the Central Plain of Thailand: Preliminary analysis and prospects for agricultural research and development

Zapisane w:
Opis bibliograficzny
1. autor: DORAS, Project
Format: Książka
Język:Undetermined
Wydane: ORSTOM Kasetsart Univ 1996
Hasła przedmiotowe:
Etykiety: Dodaj etykietę
Nie ma etykietki, Dołącz pierwszą etykiete!
Thư viện lưu trữ: Trung tâm Học liệu Trường Đại học Cần Thơ
LEADER 00636nam a2200193Ia 4500
001 CTU_16818
008 210402s9999 xx 000 0 und d
020 |b Netherlands 
082 |a 631.587 
082 |b D489 
100 |a DORAS, Project 
245 0 |a Agricultural and irrigation patterns in the Central Plain of Thailand: Preliminary analysis and prospects for agricultural research and development 
245 0 |c DORAS Project 
260 |a ORSTOM 
260 |b Kasetsart Univ 
260 |c 1996 
650 |a Agriculture - thailand,Irrigation farming 
904 |i Minh 
980 |a Trung tâm Học liệu Trường Đại học Cần Thơ